| 000 | 00754nam a2200229Ii 4500 | ||
|---|---|---|---|
| 003 | JO-AjNU | ||
| 008 | 230605s9999||||xx |||||||||||||| ||und|| | ||
| 017 | _a2004/2/335 | ||
| 020 | _a9957-414-51-8 | ||
| 040 |
_aJO-AjNU _bara _erda _cJO-AjNU |
||
| 041 | _aara | ||
| 050 | 1 | 4 | _aHV41 .K48 2004 |
| 100 | 3 |
_a الخزاعي، حسين , _eauthor _911084 |
|
| 245 | 0 | 0 | _aمهارات الاتصال في الخدمة الاجتماعية |
| 250 | _aط1 | ||
| 264 | 3 | 1 | _aعمان: دار البركة للنشر والتوزيع، 2004 |
| 300 |
_a291ص _bيحتوي على صور |
||
| 336 |
_atext _btxt _2rdacontent |
||
| 337 |
_aunmediated _bn _2rdamedia |
||
| 338 |
_avolume _bnc _2rdacarrier |
||
| 650 | 4 |
_a الخدمة الاجتماعية _911085 |
|
| 999 |
_aA2139 _c5707 _d5707 |
||